[Event "25th Chicago Open"]
[Site "Wheeling, IL"]
[Date "2016.05.28"]
[Round "4"]
[White "Shetty, Atulya"]
[Black "Song, Terry"]
[Result "0-1"]
[WhiteElo "2366"]
[BlackElo "2215"]
[Annotator "John Upper"]
[PlyCount "96"]
[EventDate "2016.05.??"]
[EventType "swiss"]
[EventRounds "9"]
[EventCountry "USA"]
[SourceTitle "Chess Canada"]
[Source "CFC"]
[SourceDate "2017.10.01"]
[SourceVersion "1"]
[SourceVersionDate "2018.04.02"]
[SourceQuality "1"]

{[%mdl 32768]} 1. c4 c5 2. g3 Nc6 3. Bg2 g6 4. Nc3 Bg7 5. Nf3 Nf6 6. d4 cxd4 7.
Nxd4 O-O 8. O-O {[#]A Tabiya of the Symmetrical English. White has a little
more space (due to c4) and no weaknesses, but lots of GMs are happy to defend
Black's position, which has more room for creative play than it may appear.} a6
(8... Nxd4 {has long been the main move. It trades a minor piece in a position
where Black has a bit less space, and brings the White Q to a square where it
will (eventually) have to escape from the Bg7. On the other hand, it scores
decently for White, and is a well known position which an experienced IM like
White probably knows well.}) (8... d6 $5 {is an interesting gambit for fast
queenside activity; it has been tried successfully by dynamic players like
Topalov and Mamedyarov... but only in rapid games!?} 9. Nxc6 bxc6 10. Bxc6 Rb8
11. Qa4 (11. Bg2 $1 Qa5 12. Qd2 $14) 11... Bh3 (11... a5 $5) 12. Bg2 Bxg2 13.
Kxg2 Qd7 $5 14. Rb1 Qxa4 15. Nxa4 Rfc8 $132 {Kramnik,V (2740)-Topalov,V (2725)
Monte Carlo, 1997 (½-½, 39).}) (8... Ng4 $5 9. e3 d6 10. Nde2 (10. Nxc6 $6 {
is a better version for Black of the gambit line above} bxc6 11. Bxc6 Rb8 12.
Bg2 Bxc3 $5 (12... Ne5 $5)) 10... Qa5 11. Nd5 $1 Qc5 12. Bd2 e6 13. b4 $1 Qxc4
14. Rc1 Qxa2 15. Nec3 {and White was winning in Kasparov,G (2815)-Kramnik,V 
(2780) Moscow (blitz) 1998 (1-0, 27).}) (8... Qa5 $5 {has been the most
popular move among top players the last few years. The goal is not a hacker's
attempt at mate with ...Qh5, ...Bh3 and ...Ng4 (though that can happen if
White is very careless), but it's more of an attempt to interfere with White's
most natural developing scheme (e4, b3, Be3/b2) with space and solidity.} 9. e3
(9. Nb3 Qh5 (9... Qb4 10. c5 $14) 10. Nd5 {preparing Nf4} d6 (10... e5 $2 11.
h4 $1 {and Black's Q has to start looking for a way out.}) 11. Nf4 Qe5 {
with games by Michael Adams and Wang Hao as models.}) 9... d6 10. h3 Bd7 11.
Qe2 Rfc8 12. Rd1 Rab8 13. Bd2 Qe5 14. Nc2 a6 15. Nd5 Nxd5 16. cxd5 Na7 17. Bc3
Qg5 18. Bxg7 Kxg7 19. Nd4 (19. a4 $5 {would help shut out the Na7.}) 19... Nb5
20. Nf3 Qf6 21. Rac1 Rc5 22. a4 Nc7 23. e4 Bxa4 24. e5 $1 {with a complicated
position where Black outplayed White in: Ding,L (2764)-Svidler,P (2742) EU
Team Cup, 2016 (0-1, 44).}) 9. c5 $1 {[#] A good move, which gives White a
choice of whether and how to disrupt Black's pawns after ...b5 or ...d6.} h6
10. Nb3 b5 (10... d6 {is the computer's choice, though White has a
trouble-free advantage after} 11. cxd6) 11. cxb6 Qxb6 12. Be3 Qb8 13. Bf4 e5
14. Be3 Re8 15. Nd5 Nxd5 16. Bxd5 {[#]If Black does nothing, White will go Qd2
(Xh6) and Nc5 with an overwhelming advantage, so...} Ne7 $1 ({Black doesn't
want to give up the exchange, but this gives him practical chances, while} 
16... Bb7 17. Nc5 {threatening Qb3 is much worse for Black.}) 17. Bxa8 Qxa8 {
For the exchange, Black has the B pair, more pawns in the center, and the
possibility of attacking the light squares around White's K. Is it enough?
Objectively, probably not: at 25 ply, Stockfish rates the position +1 after
normal moves like Rc1 or f3.} 18. Qd6 Nf5 19. Qb6 {[#]} Nxe3 {Not the only
move (...d5, which leaves a White piece on the board where it can be hit by ...
d4, is also good) but now both Black's Bs are unopposed.} 20. fxe3 $6 {I
imagine Terry was surprised and pleased to see this recapture, which is more
creative than sound. White activates his f-rook, which attacks f7 and can
defend g2 from f2, and White has an "extra" center pawn to slow Black's
advance, but the e3-pawn is a target, and Black might even have ...h5-h4 as a
way to switch the attack to the dark squares.} (20. Qxe3 {Should be better for
White, but things can go bad quickly if Black's center pawns start to roll; e.
g.} d5 21. Rac1 $6 Bh3 22. Rfd1 d4 23. Qf3 $8 e4 24. Qh1 $8 (24. Qf4 $2 e3 25.
f3 g5 26. Qd6 g4 $19) 24... Qd5 $15) 20... d5 21. Nc5 Bh3 22. Rf2 d4 23. Qb3
Kh7 24. e4 Rc8 25. Qc2 f5 26. b4 a5 $11 {[#] Compare this with the previous
diagram: Black's center pawns are marching forward, both Bs are creating
threats, while White's Rs are purely defensive and his N is about to start
scrambling for a supported square.} 27. Qb3 $2 (27. exf5 $1 gxf5 $1 (27... Bxf5
$4 28. Rxf5 $18) 28. e4 $1 {it looks completely wrong to concede two connected
passed pawns to Black, but stabilizing the pawn structure makes it easier for
the N to defend against the B-pair.} fxe4 (28... dxe3 29. Rxf5 $8 $13) 29.
Qxe4+ Qxe4 30. Nxe4 axb4 {Black has the more fun side of equality.}) 27... fxe4
28. Rf7 {[%mdl 64] [#] Critical Positon} e3 $1 (28... Qc6 $142 $1 {is even
better: attacking the Nc5 and staying on the g2 side of the long diagonal
before White can block it with a piece; now ...e4-e3 is a winning threat.} 29.
Qa4 {trades the Qs to save the K, but loses the game after} (29. e3 axb4 30.
Nb7 d3 $19) 29... Qxa4 30. Nxa4 axb4 $19 {with the offside N and weak back
rank, there's no good defence to ...Rc2. For example,} 31. Rb7 Rc2 32. Re1 e3
$1 (32... h5 $1 {so that Rxb4 allows ...Bh6.}) 33. Rxb4 e4 34. Rb2 Rxb2 35.
Nxb2 d3 {and the pawns and Bs rule.}) 29. Rb7 $5 (29. Nb7 $1 {has the same
idea (blocking the long diagonal) but leaves the Rf7 to fight for the f-file
and to sacrifice itself on g7.  Black still wins with best play, but necessary
balance of attack and defence skills would have been much more challenging,
and probably too hard during an OTB game.} axb4 $1 30. Qd5 $1 (30. Re1 Qa6 $19
{threatens both ...Qxe2 and ...Qc6.}) 30... Rf8 $1 (30... b3 $2 31. Rxg7+ $1
Kxg7 32. Rf1 $3 Bxf1 33. Qxe5+ $11 {with a perpetual.}) 31. Rc1 {[%mdl 64] [#]
Analysis Diagram Critical Position} h5 $8 {A wonderful move, which might be
found by one player in 1000. Black "simply" creates a safe square for the K on
h6, after which White's counter-attack is gone.} 32. Rcc7 (32. Rxg7+ Kxg7 33.
Rc7+ Kh6 $19 {Black's mate threat on f1 comes first.}) 32... Kh6 $8 $19 {
Rxg7 is no longer check, so the Bg7 is immune due to the mate-in-one on f1,
and White has no good defence to ...Qa4 or ...Qa6, attacking White's
defenceless K.} 33. Rxf8 Qxf8 34. Rf7 $1 (34. Qf7 {White can't exchange Qs in
any of these lines as the Black pawns are too strong, though it's worth seeing
exactly how they win:} Qxf7 35. Rxf7 d3 $1 36. exd3 e4 $1 37. dxe4 Bd4 $1 $19 {
once again, showing the wisdom of unpinning the B with ...Kh6.}) 34... Qc8 $8
35. Nc5 d3 $8 36. Nxd3 Qc2 $8 $19 {and Black gets to the back rank.}) 29... Rf8
$2 (29... Rc7 $8 $19 {The Rb7 is double-attacked and pinned to the mate on g2,
so the only way to save it is} 30. bxa5 {which loses the N} Rxc5 $19) {[#]} 30.
bxa5 $4 {I have to assume both players were in serious time trouble here.} (30.
Qd5 $8 $11 {contests the long diagonal and stops} Rf2 $4 {which now loses to}
31. Rxg7+ {winning the Qa8.}) 30... Rf2 $1 $19 31. Rxg7+ (31. Qd5 Qf8 $8 $19)
31... Kxg7 32. Qb7+ Qxb7 33. Nxb7 {[#]White has stopped mate at the cost of a
totally lost endgame. Black's next few moves are not the most efficient, but
they're safe and purposeful and never put the win in jeopardy.} Bg2 (33... Rg2+
$142 $1 34. Kh1 (34. Kf1 $4 Rxg3+ {and mate on g1.}) 34... Rxe2 35. a6 d3 36.
a7 Bg2+ {stops the promotion, while} (36... d2 {forces mate.})) 34. Nd6 (34. a6
Bd5 35. Rb1 Rg2+ 36. Kf1 Rxh2 {and mate.}) 34... Bd5 35. Ne8+ Kf7 36. Nc7 Rg2+
37. Kf1 Bc6 {[#]} 38. Rc1 Be4 39. Nb5 Rf2+ 40. Kg1 Rg2+ 41. Kf1 {[#]} Rxh2 42.
Nd6+ Ke7 43. Nxe4 Rh1+ 44. Kg2 Rxc1 45. Kf3 Rf1+ 46. Kg2 Rf8 47. a6 d3 $1 48.
Nc3 dxe2 {Black promotes or wins the N and stops the a-pawn promotion with ...
Ra2. FWIW, this tactic would not work if White's a2-pawn was on a3.} 0-1

[Event "Saint Louis IM Invitational"]
[Site "St Louis"]
[Date "2016.06.12"]
[Round "8"]
[White "Hua, Lefong"]
[Black "Brooks, Michael"]
[Result "1-0"]
[WhiteElo "2277"]
[BlackElo "2410"]
[Annotator "Elias Oussedik"]
[PlyCount "67"]
[EventDate "2016.??.??"]
[EventType "tourn"]
[EventRounds "9"]
[EventCountry "USA"]
[SourceTitle "Chess Canada"]
[Source "CFC"]
[SourceDate "2017.10.01"]
[SourceVersion "1"]
[SourceVersionDate "2018.04.02"]
[SourceQuality "1"]

{[%mdl 32768]} {http://chess.ca/newsfeed/node/855   At long last, the return
of FM Lefong Hua! It has been nearly ten years since Lefong's last tournament.
Lefong used to be a chess prodigy himself representing Canada at the U10 World
Youth Chess Championships competiting with the likes of Grischuck, Aronian,
Bacrot, McShane, Vallejo Pons, Ganguly etc..} 1. d4 {Even ten years later,
Lefong still hasn't changed his openings. He has stayed loyal to his queen
pawn.} g6 {IM Michael Brooks was the top seed of this Closed tournament. He's
known for his offbeat openings.} 2. c4 d6 3. e4 e5 {[#] Already an interesting
choice by Black. Insider information tells me that Lefong was expecting this
opening and had received some outside help before the game. Who was his secret
second? The "Gohan" of Canadian Chess: Aman Hambleton.} 4. Ne2 {With this move,
White is hoping to transpose into a Saemich. This was unchartered waters for
Lefong, as he usually opts for the four pawns attack in the KID.} Nd7 5. Nbc3
Bg7 6. Be3 Nh6 $6 {[#] Creative! Typically ...Nf6 is played. However, this
isn't a new move and many games have gone ...Nh6.} 7. f3 {White's idea here is
to play Qd2 and long castle. White then has many different ideas in this
position, he can either chose to play on the queenside or the kingside.
Considering Black has played ...Nh6, he might be aiming for an ...f5 type of
break. This might be dubious as it might weaken Black's kingside.} f5 8. Qd2
Nf7 9. O-O-O O-O {[#] In my eyes, this is a critical part of the game. White
must decide on a plan. Will he play on the queenside or kingside. If he
chooses to play on the queenside, he will continue with Kb1, Nc1-b3, Rc1, d5
and break with c5. If White wants to play on the kingside, he will take on f5
and try to blast Black on the kingside. Lefong plays the Benoni as Black, so
he's the type of player who likes to tango. One can already guess what type of
position he decided to play.} 10. exf5 $1 {Concrete and great preparation! I
am sure Lefong had already looked at this position before the game.} gxf5 11.
dxe5 Ndxe5 {White has a gorgeous position here. Two key squares have opened up
for White's pieces. The f4 and d4 sqaure will soon be launching squares for
White's knights.} 12. Nf4 c5 $2 {An unnecessary weakening move. Black
deliberately weakens his light squares and the d5/d6 squares. A hard move to
understand.} 13. Nh5 Bh8 14. Kb1 {A prophylactic move. Simply putting the king
away from danger.} a6 {Black is in need of desperate counterplay. Hoping for a
potential b5 in the future.} 15. h4 {[#] White is hoping for a potential rook
lift in the near future and controlling the g5 square if he chooses to play
Bg5. White's plan is clear here. He is improving his pieces and bringing them
closer to Black's king move by move. Nd5 will follow and sooner or later a
tactic will appear. What can Black do to create counterplay?} Re8 $2 {Too
slow! Black needs to counterattack! ...b5 was a must!} (15... b5 16. cxb5 axb5
17. Bxb5 Be6 $16 {Even though White still has a very nice position, this was
the type of counterplay Black should be looking for.}) 16. Nd5 Be6 17. Bg5 {
Threatening Nf6+ winning the exchange on e8 or threatening to open the h-file
for White's rook.} Nxg5 18. hxg5 Nd7 19. Nhf6+ $6 {Even though this move is
still strong, Lefong had a calmer continuation. What piece isn't part of the
attack and needs to be better placed? The bishop on d3! Hence, Bd3 was a more
eloquent way of playing the position.} (19. Bd3 $18 {White will continue with
g4 and target the h7 pawn.}) 19... Nxf6 20. gxf6 Bxf6 21. Qh6 {[#] This is the
continuation that Lefong had seen after playing 19.Nhf6+. He is attacking the
h7 pawn and the Bf6 simultaneously.} Bg7 $2 (21... Bxd5 $1 {Black missed his
chance to remove White's powerful knight on d5. The idea of this move stems
from the fact that the check on h7 doesn't bring White too much. With bishops
of opposite color and Black's monster bishop on f6, he might have some chances
of his own in this position.} 22. Qxh7+ (22. cxd5 Qe7 23. Bd3 Qg7 24. Qd2 Qg5)
22... Kf8 23. cxd5 Qb6 {As we can see, Black's counterplay has potential.} 24.
Qh6+ (24. b3 $2 Qb4 $1 {Black infiltrates on the dark squares.} 25. Qxf5 Qc3 {
White has nothing better than a perpetual here.} 26. Rh8+ Kf7 27. Rh7+ Kf8 28.
Rh8+ $11) 24... Bg7 25. Qd2 $14 {White is forced to retreat to protect b2.
Even though Black's king is slightly weaker than White's king, Black still has
a fully playable position.}) 22. Qxh7+ Kf8 23. Rh5 {Brooks lets Lefong loose,
who is known to be dangerous in these tactical positions. Lefong is thirsty
looking for ways to make his mark in St.Louis.} b6 24. Bd3 {[#] Finally the
final piece joins the show!} Ra7 (24... Bxd5 {This powerful knight should be
removed even at the cost of the f5 pawn. It might seem that Black's king will
succumb to White's attack if the f5 square falls into White's hands, but it
isn't the case.} 25. cxd5 Re5 $1 26. Rxf5+ Rxf5 27. Bxf5 Qf6 {Again, a
powerful battery is formed between queen and bishop.} 28. Rd2 Qh6 29. Qxh6 Bxh6
30. Re2 $16 {Bishops of opposite colour give Black holding chances though
White's two connected passed pawns on the kingside make Black's defense
difficult.}) 25. Qg6 Rf7 26. Bxf5 Bxd5 {Finally!} 27. cxd5 {[#]} Rf6 (27... Re2
{Lefong had a trap up his sleeve if ...Re2 had been played.} 28. Be6 Rf6 $2 (
28... Qf6 $1 29. Qxf7+ Qxf7 30. Bxf7 Kxf7 31. b3 Rxg2 $14 {with potential
drawing chances for Black.}) 29. Rh8+ $1 Bxh8 30. Qg8+ Ke7 31. Qh7+ Ke8 32.
Qxh8+ Rf8 33. Qh5+ Ke7 34. Qg5+ Ke8 35. Qg6+ Ke7 36. Rh1 $18 {With mate in
five!}) 28. Qg4 Re2 29. Rdh1 $1 {The rook is eyeing h8!} Kf7 30. Rh7 Qf8 31.
Rxg7+ Qxg7 32. Rh7 Qxh7 33. Bxh7 Ke7 34. Bf5 {And Brooks resigned. As a
professional chess coach, Lefong Hua showed us some professional level opening
preparation. Hopefully this is the start of something and the former chess
prodigy can finally achieve the IM title he entirely deserves!} 1-0

[Event "44th World Open"]
[Site "Philadelphia"]
[Date "2016.07.03"]
[Round "7"]
[White "Preotu, Razvan"]
[Black "Ludwig, John"]
[Result "1-0"]
[WhiteElo "2462"]
[BlackElo "2348"]
[Annotator "Keith MacKinnon"]
[PlyCount "57"]
[EventDate "2016.07.??"]
[EventType "swiss"]
[EventRounds "9"]
[EventCountry "USA"]
[SourceTitle "Chess Canada"]
[Source "CFC"]
[SourceDate "2017.10.01"]
[SourceVersion "1"]
[SourceVersionDate "2018.04.02"]
[SourceQuality "1"]

{[%mdl 32768]} {http://chess.ca/newsfeed/node/860  This week, it is my
pleasure to show you a spectacular win by IM Razvan Preotu en route to his
final GM norm at the World Open. His seventh round win against a slightly
younger opponent named John Ludwig (now rated 2373) appears elementary, but
the hours of preparation that go into games such as this one are what allow
the win to look so easy. Don't miss this one.} 1. e4 c5 2. Nf3 d6 3. d4 cxd4 4.
Nxd4 Nf6 5. Nc3 g6 6. Be3 Bg7 7. f3 O-O 8. Qd2 Nc6 {[#] This position should
be quite familiar to many a Sicilian player. It is the starting point for the
Dragon Yugoslav Attack. Here, White has two major moves: Bc4 and 0-0-0.
However, Razvan decides to play a less popular continuation leading to similar
attacking play.} 9. g4 $5 Be6 {This move may look somewhat strange to many
amateur players. Why allow White to exchange his Knight for the Bishop and
double the pawns? Black gains some advantages from the exchange as well. He
has more central control (d5 specifically) and his f8 rook becomes more active.
} (9... Nxd4 10. Bxd4 Be6 {is the continuation I've chosen previously as Black.
White has a small edge, but his attack should not be as strong as in the main
lines}) 10. Nxe6 fxe6 11. O-O-O (11. Bc4 Qc8 $13 {with ...Na5 next.}) 11... Ne5
12. Be2 {[#]} Qc8 {Neat. Instead of using the rook on the c-file (most common
in these Yugoslav positions) the Queen will support a Knight jump to c4. This
will increase pressure on a2 and have the added bonus of defending e6.} (12...
Rc8 13. Nb5 {with White scoring strongly. Here's a sample game by one of the
strongest creative players around:} Qd7 14. Nd4 Nc4 15. Bxc4 Rxc4 {editor -
notice how White's next three moves are all defensive; he knows that when if
he stifles Black's queenside play then he's better.} 16. Kb1 Rfc8 17. c3 b5 18.
Rc1 a5 19. h4 b4 $6 20. cxb4 Rxb4 21. a3 Rbc4 22. Rxc4 Rxc4 23. Qxa5 Rc5 (23...
Nxg4 $2 24. fxg4 Bxd4 25. Bxd4 Rxd4 26. Qa8+ Kg7 27. Rf1 $18) 24. Qb4 $18 {
editor - White is up a pawn, has two protected passed pawns, and Black's
attack is over before it got started.} Kf7 25. Rd1 Qc8 26. Nxe6 Qxe6 27. Bxc5
dxc5 28. Qb5 c4 29. e5 Ne8 30. f4 c3 31. Qd5 Nc7 32. Qxe6+ Kxe6 33. a4 Nd5 34.
a5 h5 35. g5 cxb2 36. a6 Nb6 37. Rd8 {1-0 (37) Vallejo Pons,F (2705)-Carlsson,
P (2476) Caleta, 2010.}) 13. h4 Nfd7 14. h5 (14. f4 {is the more common
alternative} Nc4 15. Bxc4 Qxc4 16. e5 {but Black seems to be doing fairly OK
after} Rad8 $11) {[#]} 14... Nc4 (14... Nxf3 {seems too dangerous} 15. Nd5 $1 {
out of nowhere!} (15. Bxf3 Rxf3 16. hxg6 hxg6 $13 {Objectively, Black might
even be better here}) 15... Nxd2 (15... Qe8 16. Bxf3 exd5 17. Be2 $16) 16.
Nxe7+ Kf7 (16... Kh8 $2 17. hxg6 h6 18. Bxh6 Bxh6 19. g5 $18 {a very brutal
finish.}) 17. Nxc8 Raxc8 18. hxg6+ hxg6 19. Rxd2 $14 {Grandmaster Cvitan
successfully defended this position with the Black pieces twice in 2013 and
2014, but White is clearly superior here.}) 15. Bxc4 Qxc4 16. hxg6 hxg6 17. f4
{[#]} Bxc3 {As an occasional Dragon player myself, I know it's never fun to
give up the g7 Bishop. Here, however, it's necessary, as otherwise White's
pawns advance too quickly.} (17... b5 18. f5 $1 b4 19. Qh2 $3 Nf6 (19... bxc3
20. Qh7+ Kf7 21. Qxg6+ Kg8 22. Rh7 Rf7 23. Bh6 cxb2+ 24. Kb1 $18) 20. Rd4 Qc5
21. Nd1 $16) 18. bxc3 Qxa2 (18... Qxe4 19. Rde1 $18 {nearly winning almost on
the spot with the threat of Bd4 in the air.}) 19. Qh2 {[%mdl 64] [#] Critical
Position Since I have no knowledge of the clock times, it's tough to say
whether either player had this position in his preparation, but I would hope
so, because going for this position unprepared is crazy!} Nf6 $4 {A very
natural looking move... which answers my own question: John Ludwig had not
prepared deeply enough.} (19... Kf7 $8 {played twice in 2014. White is only
slightly better after} 20. Qh7+ Ke8 21. e5 (21. Qxg6+ Kd8 22. Qg7 {KM}) 21...
dxe5 22. Qxg6+ Kd8 $13 23. Bc5 (23. Qe4 Qa1+ 24. Kd2 Qa5 $13 {1-0 (56)
Iljiushenok,I (2499)-Kanter,E (2375) Kazan, 2016.}) 23... Kc7 24. Bxe7 Rxf4 25.
Qd3 Qa1+ 26. Kd2 Qa6 27. Qxa6 $11 {½-½ (66) Sivuk,V (2532)-Jones,G (2657)
Gjakova, 2016.}) 20. Bd4 $1 e5 {Black puts up the best defence, but it's too
late.} ({editor - nowhere to run and nowhere to hide} 20... Kf7 21. Bxf6 $8
exf6 22. Qh7+ $8 Ke8 23. Qxb7 $18 {threatening Qxa8 and Rh7, both mating;
those edge-Rs are useless defenders.}) 21. fxe5 dxe5 {[#]} 22. Qxe5 $8 ({
editor -} 22. Bxe5 $2 Qa1+ 23. Kd2 Rad8+ 24. Bd4 Rxd4+ 25. cxd4 Qxd4+ $11 {
White's edge-Rs are no help against the perpetual checks.}) 22... Qa3+ (22...
Qa1+ 23. Kd2 {makes no real difference}) 23. Kb1 Qd6 24. Qg5 Nxe4 25. Qh6 Kf7
26. Rhf1+ {[#]} Nf6 (26... Ke6 27. Qxg6+ Kd7 28. Qxe4 $18) 27. Bxf6 Qb6+ 28.
Kc1 exf6 29. Qh7+ {Games such as this one can sometimes look easy for the
victor, but the margin for error is very small. In this one, Razvan made no
errors and played a perfect game.} 1-0